000 01043nam1a22002411i 4500
001 rc\4368476
005 20260407131320.0
035 _a(NLR Aleph) 008540066
090 _a8341542
_c8341542
100 _a20130416g1968 |||y0rusy50 ca
101 0 _arus
102 _aRU
105 _a z |||||
200 1 _aГеологическое строение СССР
_eВ 6 т.
_fГлав. ред. Е.Т. Шаталов
_gМ-во геологии СССР. Всесоюз. науч.-исслед. геол. ин-т "ВСЕГЕИ"
210 _aМосква
_cНедра
_d1968-
215 _d24
606 _aПетрография магматических пород СССР
_2psbo
606 _aГеология СССР
_2psbo
712 0 2 _aВсесоюзный научно-исследовательский геологический институт им. А. П. Карпинского
_cЛенинград
_3RU\NLR\AUTH\889983128
_9462175
801 0 _aRU
_bNLR
_gpsbo
801 1 _aRU
_bELAR
_2rusmarc
852 _aNLR
_j68-7/2131
942 _cBOOK